| 000 | 00788nam a2200277 a 4500 | ||
|---|---|---|---|
| 001 | 67317 | ||
| 003 | BD-RjUL | ||
| 005 | 20211209081634.0 | ||
| 008 | 170323s1969 nyuab b 001 0 eng | ||
| 035 | _a(BD-RjUL)67448 | ||
| 040 |
_aDLC _cDLC _dBD-RjUL _beng |
||
| 041 | _aeng | ||
| 082 |
_223 _a551.302 _bOLW 1969 |
||
| 090 |
_aQE570 _b.O49 |
||
| 099 | _aQE570.O49 | ||
| 100 | 1 |
_aOllier, Cliff. _9199445 |
|
| 245 | 1 | 0 |
_aWeathering / _cEdited by K. M. Clayton. |
| 260 |
_aEdinburgh : _bOliver & Boyd, _c1969. |
||
| 300 |
_avii, 304 p. : _bill. ; _c26 cm. |
||
| 490 | 1 |
_aGeomorphology texts ; _v2 |
|
| 504 | _aIncludes index and Bibliography | ||
| 650 | 0 |
_aWeathering. _934431 |
|
| 700 | 1 |
_aClayton, Keith M. _9199446 |
|
| 830 | 0 |
_aGeomorphology texts ; _v2. _9199448 |
|
| 942 |
_2ddc _cBK |
||
| 999 |
_c67317 _d67317 |
||